| 000 -CABECERA |
| fixed length control field |
01173nam a22002537a 4500 |
| 003 - IDENTIFICADOR DEL NÚMERO DE CONTROL |
| control field |
AR-CdUCM |
| 008 - DATOS DE LONGITUD FIJA--INFORMACIÓN GENERAL |
| fixed length control field |
190425b ||||| |||| 00| 0 spa d |
| 040 ## - FUENTE DE LA CATALOGACIÓN |
| Agencia/entidad que catalogó originalmente la obra |
MUNICIPALIDAD PROVINCIAL DEL CUSCO |
| Entidad que transcribió la catalogación |
BIBLIOTECA MUNICIPAL DEL CUSCO |
| 082 ## - NÚMERO DE LA CLASIFICACIÓN DECIMAL DEWEY |
| No. de Clasificación |
Rev.Univ/N°16/1916 |
| Notacion interna |
Rev.Univ/N°16/1916 |
| 110 ## - ENTRADA PRINCIPAL--NOMBRE DE ENTIDAD CORPORATIVA |
| Nombre de la institución, jurisdicción como entrada principal |
Universidad Nacional de San Antonio Abad del Cusco |
| 9 (RLIN) |
15942 |
| 245 ## - MENCIÓN DE TÍTULO |
| Título |
Revista Universitaria : |
| Resto del título |
Órgano de la Universidad del Cuzco / |
| 260 ## - PUBLICACIÓN, DISTRIBUCIÓN, ETC. |
| Lugar de publicación, distribución, etc. |
Cusco : |
| Nombre de la editorial, distribuidor, etc. |
El Trabajo, |
| Fecha de publicación, distribución, etc. |
junio 1916. |
| 300 ## - DESCRIPCIÓN FÍSICA |
| Nº de Páginas Extensión |
51 páginas. : |
| Dimensiones |
20 cm. |
| 440 ## - MENCIÓN DE SERIE/PUNTO DE ACCESO ADICIONAL--TÍTULO |
| Título |
Revista Universitaria |
| Número de la parte/sección de una obra |
Año V, junio 1916, N°16 |
| 9 (RLIN) |
45796 |
| 505 ## - NOTA DE CONTENIDO CON FORMATO |
| Nota de contenido formateada |
Contenido: Los Machigangas del Urubamba. Enrique Rosell. -- Discurso pronunciado en la apertura del 1916. Francisco Sivirichi. -- Fitografía departamental. Fortunato L. Herrera. -- Discurso pronunciado por el Prefecto en la apertura del año 1916. Cesar Bustamante. |
| 650 ## - PUNTO DE ACCESO ADICIONAL DE MATERIA--TÉRMINO DE MATERIA |
| Descriptor |
Historia del Cusco |
| 9 (RLIN) |
1714 |
| 650 ## - PUNTO DE ACCESO ADICIONAL DE MATERIA--TÉRMINO DE MATERIA |
| Descriptor |
Amazonia peruana |
| 9 (RLIN) |
7545 |
| 650 ## - PUNTO DE ACCESO ADICIONAL DE MATERIA--TÉRMINO DE MATERIA |
| Descriptor |
Pueblos indígenas |
| 9 (RLIN) |
6988 |
| 650 ## - PUNTO DE ACCESO ADICIONAL DE MATERIA--TÉRMINO DE MATERIA |
| Descriptor |
Mashiguengas |
| 9 (RLIN) |
45797 |
| 650 ## - PUNTO DE ACCESO ADICIONAL DE MATERIA--TÉRMINO DE MATERIA |
| Descriptor |
Siglo XX |
| 9 (RLIN) |
45791 |
| 710 ## - PUNTO DE ACCESO ADICIONAL--NOMBRE DE ENTIDAD CORPORATIVA |
| Nombre corporativo (En letras Mayúsculas) |
Universidad Nacional de San Antonio Abad del Cusco |
| 9 (RLIN) |
15942 |
| 942 ## - ELEMENTOS DE PUNTO DE ACCESO ADICIONAL (KOHA) |
| Fuente de clasificación |
|
| Tipo de item |
Revistas cusqueñas |
| 945 ## - PROCESAMIENTO DE INFORMACIÓN LOCAL (OCLC) |
| Catalogador |
rac |